| 000 | 00438cam a2200145ua 4500 | ||
|---|---|---|---|
| 003 | OSt | ||
| 008 | 240222b |||||||| |||| 00| 0 eng d | ||
| 041 | _aeng | ||
| 082 |
_a621.3678 _bMUR/RE |
||
| 100 |
_aMuralikrishna, I V . _96099 |
||
| 245 | _aRemote sensing applications and geographic conformation systems:Recent trends / | ||
| 260 |
_aNew Delhi : _bTata Mc-Graw Hill Publishing Company , _c1992. |
||
| 300 | _a599 ; . | ||
| 942 | _cBK | ||
| 999 |
_c10481 _d10481 |
||